Raymond Aron y la sociedad industrial / (Record no. 132216)

MARC details
000 -LEADER
campo de control de longitud fija 00541nam a2200169 4500
001 - NÚMERO DE CONTROL
campo de control 132216
003 - IDENTIFICADOR DE NÚMERO DE CONTROL
campo de control ES-MaACL
005 - FECHA Y HORA DE LA ÚLTIMA TRANSACCIÓN
campo de control 20230906194129.0
007 - CAMPO FIJO DE DESCRIPCIÓN FÍSICA--INFORMACIÓN GENERAL
campo de control de longitud fija t|
008 - DATOS DE LONGITUD FIJA--INFORMACIÓN GENERAL
campo de control de longitud fija 070214s1973 sp r ||||1| spa d
100 0# - ENTRADA PRINCIPAL--NOMBRE DE PERSONA
Nombre de persona Rodríguez Zúñiga, Luis.
9 (RLIN) 98883
245 10 - MENCIÓN DEL TÍTULO
Título Raymond Aron y la sociedad industrial /
Mención de responsabilidad, etc. Luis Rodríguez Zuñiga.
260 ## - PUBLICACIÓN, DISTRIBUCIÓN, ETC.
Lugar de publicación, distribución, etc. Madrid :
Nombre del editor, distribuidor, etc. Instituto de la Opinión Pública,
Fecha de publicación, distribución, etc. 1973.
300 ## - DESCRIPCIÓN FÍSICA
Extensión 255 p. ;
Dimensiones 18 cm.
710 2# - ENTRADA AGREGADA--NOMBRE DE ENTIDAD CORPORATIVA
Nombre de entidad corporativa o nombre de jurisdicción como elemento de entrada Instituto de la Opinión Pública (España)
9 (RLIN) 4981
852 ## - LOCALIZACIÓN
Ubicación ES-MaACL
Número de control de estantería C-53365
Sublocalización o colección R.86456
Holdings
Estatus retirado Estado de pérdida Estado de daño No para préstamo Biblioteca de origen Biblioteca actual Ubicación en estantería Fecha de adquisición Fuente de adquisición Total de préstamos Signatura topográfica completa Código de barras Visto por última vez Precio de reemplazo Tipo de ítem Koha
        Biblioteca del Ateneo de Madrid Biblioteca del Ateneo de Madrid Depósito 2 17/01/2008     C-53365 1137651 23/02/2023 23/02/2023 Libro impreso